000 00736nam a22001815i 4500
001 158337
003 ES-MaACL
005 20230906211111.0
008 040830s1837 xxka |||| | eng d
040 _aCAM
_bspa
_cCAM
100 1 _aMac Farlane, Charles T.
_9129275
245 1 4 _aThe lives and exploits of Banditti and Robbers in all parts of the world /
_cby C. Mac Farlane.
260 _aLondon :
_bpublished by Thomas Tegg and son,
_c1837 (
_fBradbury and Evans printers)
300 _aVIII, 408 p., [4] h. de lám. ;
_c16 cm.
599 _aLas h. de lám. grab. calc.: "London, Published by Tho\ps\s Tegg & son, Cheapside, 1837"
752 _aGran Bretaña -
_dLondres
852 _aES-MaACL
_jG-3950
_z-- Enc. editorial en tela
999 _c158337
_d158337